Bilecik Bilecik Bilecik Bilecik Bilecik

İsmail Gaspıralı seçilmiş eserleri III : (Record no. 9484)

MARC details
000 -BAŞLIK
Sabit Uzunluktaki Kontrol Alanı 02262nam a22003377a 4500
001 - KONTROL NUMARASI
Control Dosyası 0009512
003 - KONTROL NUMARASI KİMLİĞİ
Kontrol Alanı KOHA_MİRAKIL
005 - EN SON İŞLEM TARİHİ ve ZAMANI
Kontrol Alanı 20260207001711.0
007 - FİZİKSEL TANIM SABİT ALAN - GENEL BİLGİ
Sabit uzunluklu kontrol alanı ta
008 - SABİT UZUNLUKTAKİ VERİ ÖGELERİ - GENEL BİLGİ
Sabit Alan 091021b2008 tu |||gr||||#||||1|tur |
020 ## - ISBN - ULUSLARARASI STANDART KİTAP NUMARASI
Isbn 9754376760
040 ## - KATALOGLAMA KAYNAĞI
Özgün Kataloglama Kurumu TR-BiSEU
Kataloglama Dili tur
Çeviri Kurumu TR-BiSEU
Açıklama Kuralları rda
041 0# - DİL KODU
Metin ya da ses kaydının dil kodu tur
044 ## - YAYINLAYAN/ÜRETEN KURULUŞUN ÜLKE KODU
ISO country code tu
050 ## - SINIFLAMA ve YER NUMARASI
Sınıflama Numarası PL66.9
Yer Numarası .G37 2008
100 1# - KİŞİ ADI
Yazar Adı (Kişi adı) Gaspıralı, İsmail.
245 1# - ESER ADI BİLDİRİMİ
Başlık İsmail Gaspıralı seçilmiş eserleri III :
Alt Eseradı vb. Dil, edebiyat, seyahat yazıları/
Sorumluluk Bildirimi İsmail Gaspıralı ; İsmail Gaspıralı; editör Yavuz Akpınar.
264 #1 - ÜRERİM, YAYIN, DAĞITIM ve TELİF BİLDİRİMİ
Yayın yeri İstanbul :
Yayınlayan Ötüken Neşriyat
Yayın tarihi 2008
300 ## - FİZİKSEL TANIMLAMA
Sayfa, Cilt vb. 512 sayfa; 21 cm.
336 ## - İÇERİK TÜRÜ
Content type term metin
Content type code txt
Source rdacontent
337 ## - MEDYA TÜRÜ
Media type term aracısız
Media type code n
Source rdamedia
338 ## - TAŞIYICI TÜRÜ
Carrier type term cilt
Carrier type code nc
Source rdacarrier
490 1# - DİZİ BİLDİRİMİ
Dizi Bildirimi Yayın no ;
Cilt Numarası 723 .
490 1# - DİZİ BİLDİRİMİ
Dizi Bildirimi Kültür Serisi ;
Cilt Numarası 357.
500 ## - GENEL NOT
Genel Not Dizin var.
505 ## - İÇİNDEKİLER NOTU
İçindekiler Notu İsmail Gaspıralı'nın 1883-1914 yılları arasında Tercüman gazetesinde yayımlanan dil, edebiyat ve seyahat konulu belli başlı yazıları, ilk defa bu kitapta bir araya gelmiştir.
650 #0 - KONU BAŞLIĞI EK GİRİŞ - KONU TERİMİ
Konusal terim veya coğrafi ad Turkish litareture / Türk edebiyatı.
9 (RLIN) 23547
830 1# - SERİ EK GİRİŞİ - TEKBİÇİM ESER ADI
Tekbiçim Başlık Yayın no ;
Volume number/sequential designation 723 .
9 (RLIN) 1619
830 1# - SERİ EK GİRİŞİ - TEKBİÇİM ESER ADI
Tekbiçim Başlık Kültür Serisi ;
Volume number/sequential designation 357.
9 (RLIN) 6554
942 ## - EK GİRİŞ ÖGELERİ (KOHA)
Source of classification or shelving scheme Library of Congress Classification
Koha item type Book
505 ## - İÇİNDEKİLER NOTU
--
-- Gaspıralı'nın "Ortak Türk Dili" (veya "Edebî Türk Dili") hakkındaki görüşü genel olarak bilinse de, onun niçin böyle bir şeye lüzum gördüğü tam olarak anlaşılamamıştır. Aslında Gaspıralı, Avrupa bilim ve tekniğine, ortak Türk kültürü ve Türk diline dayalı modern bir Türk kimliği oluşturma (tek Türk milliyeti) fikrindeydi. Bunu oluşturabilmek için de Türk dünyasında "Ortak Edebî Dil"e, "Ortak Modern Edebiyat"a, "Ortak Eğitim"e (Usul-i Cedid'e) ihtiyaç olduğunu düşünüyordu. Yani onun ideali; tek millet, tek dil, tek kültür idi. Kitapraki "Dil" ve "Edebiyat" yazıları, onun bu idealini bir bütün olarak yansıtmaktadır.
--
-- "Seyahat Yazıları" ise İsmail Gaspıralı'nın değişik zamanlarda, Türkiye, Türkistan, Mısır, Hindistan gibi değişik yerlere yaptığı yolculukların izlenimlerini yansıtmaktadır. Bu yazıları da bize, özellikle Türk dünyası, İslâm alemi hakkındaki düşüncelerini derli toplu olarak öğrenme imkânı verir.
--
Holdings
Materyal Türü Kalıcı Konum Mevcut Konum Raf Yeri Sınıflandırma Kaynağı Edinim Bilgisi Ana Konular Alt Konular Yer Numarası Demirbaş Numarası Fatura Tarihi Maliyet, Alış Fiyatı Maliyet, Yenileme Fiyatı Geri Çekilme Durumu Kayıp Durumu Hasarlı Durumu Kredi için değil Kayıt Tarih Toplam Ödünçverme Son Görülme Tarihi Son Kontrol Tarihi Genel / Bağış Notu
Book Prof. Dr. Azmi Özcan Kütüphanesi Prof. Dr. Azmi Özcan Kütüphanesi Birûni Salonu Library of Congress Classification Bağış DİL VE EDEBİYAT Doğu Asya, Afrika, Okyanusya Dilleri ve Edebiyatları PL66.9 .G37 2008 0009512 13/08/2010 15.00 15.00         21/10/2009 4 05/12/2024 05/12/2024 Ötüken Yayınevi